[Event "Challenge"]
[Site "http://www.queenalice.com/game.php?id=587119"]
[Date "2009.5.12"]
[Round "-"]
[White "xandinhov"]
[Black "garca"]
[Result "1-0"]
[WhiteElo "2031"]
[BlackElo "1899"]

1. d4 d5 2. c4 dxc4 3. Nf3 e6 4. Nc3 Nf6 5. Bg5 Be7 6. e3 h6 7. Bh4 Nd5 8. Bg3
O-O 9. Bxc4 c6 10. O-O Nxc3 11. bxc3 Nd7 12. a4 Nf6 13. Qc2 Nh5 14. Be5 Bd6 15.
Qe4 Nf6 16. Bxf6 Qxf6 17. Bd3 Re8 18. Qh7+ Kf8 19. e4 e5 20. d5 c5 21. Bb5 Rd8
22. Nd2 b6 23. Bc6 Rb8 24. Nc4 Bd7 25. Bb5 Ke7 26. Bxd7 Kxd7 27. Nxd6 Kxd6 28.
c4 Qf4 29. Rfe1 g6 30. g3 Qf6 31. Qxh6 Rh8 32. Qe3 Rh3 33. Kg2 Rbh8 34. Rh1 R8h7
35. f3 Qh8 36. Qg1 R7h5 37. a5 Qd8 38. axb6 axb6 39. Qd1 Rh8 40. Ra7 R3h7 41.
Qa4 Qc8 42. Qb5 Qh3+ 43. Kf2 1-0

[Event "Challenge"]
[Site "http://www.queenalice.com/game.php?id=592664"]
[Date "2009.5.23"]
[Round "-"]
[White "xandinhov"]
[Black "Marivaldo"]
[Result "1-0"]
[WhiteElo "2013"]
[BlackElo "1788"]

1. d4 d5 2. c4 c6 3. Nc3 dxc4 4. a4 Bd7 5. e3 b5 6. Nf3 e6 7. g3 Bb4 8. Bg2
Bxc3+ 9. bxc3 Ne7 10. O-O Nd5 11. Qc2 Qa5 12. Bd2 Qc7 13. Ra2 a5 14. e4 Ne7 15.
Bf4 Qb7 16. Rfa1 Ng6 17. Bd6 Ne7 18. axb5 Qxb5 19. Bxb8 Qxb8 20. Rxa5 Rxa5 21.
Rxa5 Qb6 22. Qa2 O-O 23. Ne5 Qc7 24. Ra7 Qxa7 25. Qxa7 f6 26. Nxd7 Rd8 27. Nc5
Nc8 28. Qc7 1-0

[Event "Challenge"]
[Site "http://www.queenalice.com/game.php?id=596253"]
[Date "2009.5.31"]
[Round "-"]
[White "Marivaldo"]
[Black "xandinhov"]
[Result "1-0"]
[WhiteElo "1857"]
[BlackElo "1991"]

1. d4 Nf6 2. Bf4 e6 3. a3 d5 4. Nc3 c6 5. e3 Bd6 6. Bg5 Nbd7 7. Be2 O-O 8. Bd3
h6 9. Bh4 Qb6 10. Na4 Qa5+ 11. c3 Qc7 12. b4 Re8 13. Bg3 Bxg3 14. hxg3 e5 15.
Qe2 Nf8 16. Nc5 b6 17. Nb3 Bg4 18. Qd2 Re7 19. Be2 Qd7 20. Rh4 Ng6 21. Bxg4 Nxg4
22. Rh3 Qf5 23. Nf3 Rae8 24. dxe5 N4xe5 25. Nxe5 Nxe5 26. Nd4 Nd3+ 27. Kf1 Qe4
28. Rh4 Qg6 29. Nxc6 Qxc6 30. Qxd3 Rc8 31. Rc1 Qf6 32. Rf4 Qe5 33. Qd4 Qxd4 34.
Rxd4 Rec7 35. Rxd5 Rxc3 36. Ra1 Rc1+ 37. Rxc1 Rxc1+ 38. Ke2 Rc3 39. Rd3 Rc2+ 40.
Kf3 Ra2 41. g4 Kh7 42. Kg3 a5 43. Rb3 g5 44. f4 Kg7 45. f5 a4 46. Rd3 b5 47. e4
Re2 48. Kf3 Re1 49. Re3 Ra1 50. e5 Rf1+ 51. Ke2 Rg1 52. Kf2 Ra1 53. Kf3 Rf1+ 54.
Ke4 Rf2 55. g3 Rd2 56. Rd3 Rc2 57. Kd4 Rc4+ 58. Kd5 Kf8 59. e6 Ke7 60. Rf3 Rc2
61. f6+ Ke8 62. e7 Rc4 63. Rd3 Rxg4 64. Kc6 Re4 65. Rd8# 1-0

[Event "Challenge"]
[Site "http://www.queenalice.com/game.php?id=596257"]
[Date "2009.5.31"]
[Round "-"]
[White "xandinhov"]
[Black "Marivaldo"]
[Result "1-0"]
[WhiteElo "1981"]
[BlackElo "1838"]

1. d4 d5 2. c4 c6 3. Nc3 dxc4 4. a4 Bd7 5. a5 Be6 6. Nf3 Bd5 7. e4 Be6 8. Ng5
Qd7 9. Nxe6 Qxe6 10. Qa4 Nf6 11. Bxc4 Qc8 12. O-O e6 13. Bg5 Be7 14. Rad1 Qd7
15. d5 cxd5 16. Bb5 Nc6 17. Bxf6 Bxf6 18. exd5 exd5 19. Rxd5 Qc7 20. Re1+ Kf8
21. Bxc6 bxc6 22. Rc5 Bxc3 23. bxc3 Rc8 24. Qb4 Kg8 25. Rce5 h6 26. Re7 Qb8 27.
Qxb8 Rxb8 28. Rxa7 g6 29. g3 Kg7 30. Ree7 Rhf8 31. Rec7 Ra8 32. a6 Rxa7 33. Rxa7
Kf6 34. Rc7 Ra8 35. Rxc6+ Ke5 36. f3 Kd5 37. Rf6 Ke5 38. Rxf7 Rxa6 39. Rc7 h5
40. Kg2 Kd6 41. Rg7 Kc5 42. f4 Rc6 43. Re7 Kd6 44. Re3 Kd5 45. Kf3 Kc4 46. h3
Kb3 47. g4 h4 48. g5 Rc4 49. Kg4 Kc2 50. Rf3 Kd2 51. Kxh4 Ke2 52. Kg4 Kd2 53. h4
Ke2 54. Kg3 Kd2 55. f5 gxf5 56. g6 Rc6 57. h5 Rf6 58. g7 Rh6 59. g8=Q Rxh5 60.
Qa2+ Ke1 61. Rf2 f4+ 62. Kg4 Re5 63. Qd2# 1-0

[Event "Desafio #1"]
[Site "http://www.queenalice.com/game.php?id=598240"]
[Date "2009.6.4"]
[Round "-"]
[White "Aylton"]
[Black "xandinhov"]
[Result "1-0"]
[WhiteElo "2102"]
[BlackElo "2042"]

1. d4 Nf6 2. Nf3 e6 3. e3 d5 4. c4 c6 5. Nc3 Nbd7 6. a3 Bd6 7. Be2 O-O 8. O-O
Re8 9. h3 e5 10. cxd5 cxd5 11. dxe5 Nxe5 12. Nxd5 Nxd5 13. Qxd5 Nxf3+ 14. Bxf3
Qc7 15. b4 Rb8 16. Bb2 Be6 17. Qd4 f6 18. Rac1 Qb6 19. Qxb6 axb6 20. Rfd1 Red8
21. Bd4 1-0

[Event "Desafio #2"]
[Site "http://www.queenalice.com/game.php?id=598241"]
[Date "2009.6.4"]
[Round "-"]
[White "xandinhov"]
[Black "Aylton"]
[Result "0-1"]
[WhiteElo "2028"]
[BlackElo "2055"]

1. d4 Nf6 2. c4 e6 3. Nf3 d5 4. Nc3 c6 5. Bg5 Nbd7 6. e3 Qa5 7. cxd5 Nxd5 8. Qd2
Bb4 9. Rc1 f6 10. Bh4 g5 11. Bg3 h5 12. h3 b5 13. e4 Nxc3 14. bxc3 Ba3 15. Rb1
Ba6 16. Bd3 Kf7 17. e5 g4 18. hxg4 hxg4 19. Nh4 f5 20. Ke2 Be7 21. Rh2 Rag8 22.
Rbh1 b4 23. cxb4 Bxb4 24. Qc2 Bxd3+ 25. Kxd3 Qd5 26. Ke3 Rh5 27. Rb1 c5 0-1

[Event "QA-ANNIV-05"]
[Site "http://www.queenalice.com/game.php?id=604161"]
[Date "2009.6.15"]
[Round "1"]
[White "startstek"]
[Black "xandinhov"]
[Result "1-0"]
[WhiteElo "1884"]
[BlackElo "2020"]

1. e4 c5 2. Nf3 d6 3. d4 cxd4 4. Nxd4 Nf6 5. Nc3 a6 6. Be3 e6 7. f3 Be7 8. Qd2
O-O 9. O-O-O Nc6 10. g4 Nd7 11. h4 Nde5 12. Qg2 Bxh4 13. Qh3 Ng6 14. Nf5 1-0

[Event "Challenge"]
[Site "http://www.queenalice.com/game.php?id=606593"]
[Date "2009.6.21"]
[Round "-"]
[White "benjobench"]
[Black "xandinhov"]
[Result "1-0"]
[WhiteElo "1951"]
[BlackElo "1999"]

1. Nc3 Nf6 2. d4 e6 3. e3 d5 4. Bd3 c5 5. Nf3 c4 6. Be2 Nc6 7. O-O Bd6 8. a3 O-O
9. e4 Nxe4 10. Nxe4 Be7 11. Ng3 Re8 12. b3 cxb3 13. cxb3 Bf6 14. Bb2 b6 15. Bb5
Bb7 16. Rc1 Rc8 17. Qd3 Re7 18. a4 Rec7 19. Nh5 Be7 20. Bxc6 Rxc6 21. Ne5 Rxc1
22. Bxc1 Qc7 23. Qg3 g6 24. Qf4 Bd6 25. Nf6+ Kg7 26. Qh6+ Kxf6 27. Bg5+ Kf5 28.
f3 Bxe5 29. g4# 1-0

[Event "CEARÁ - RUMO A 1ª DIVISÃO"]
[Site "http://www.queenalice.com/game.php?id=772812"]
[Date "2010.5.8"]
[Round "-"]
[White "jw16js"]
[Black "xandinhov"]
[Result "0-1"]
[WhiteElo "1448"]
[BlackElo "1984"]

1. e4 c5 2. d4 cxd4 3. Qxd4 Nc6 4. Qc3 e6 5. e5 Bb4 6. Qxb4 Nxb4 7. Bd3 Qa5 8.
Bd2 Nxd3+ 9. cxd3 Qxe5+ 10. Ne2 Qxb2 11. Bc3 Qxa1 12. Bxa1 Nf6 13. g4 b6 14. O-O
O-O 15. h3 Ba6 16. Nf4 Rac8 17. g5 Ne8 18. Nh5 Bxd3 19. Rd1 Be2 20. Rxd7 Bxh5
21. Bb2 Nc7 22. Be5 Bg6 23. Bxc7 Bxb1 24. a4 Bc2 25. Bd6 Rfd8 26. Rxd8+ Rxd8 27.
Kg2 Rxd6 28. Kg3 Bxa4 29. f4 b5 30. Kf3 b4 31. Kg4 b3 32. Kh5 b2 33. Kh4 b1=Q
34. Kh5 Rd3 35. Kg4 Qg1+ 36. Kh4 Qh2 37. g6 Qxf4+ 38. Kh5 Rxh3# 0-1

[Event "Let's Play Chess!"]
[Site "http://www.queenalice.com/game.php?id=779411"]
[Date "2010.5.22"]
[Round "-"]
[White "xandinhov"]
[Black "alesciulli"]
[Result "1-0"]
[WhiteElo "1970"]
[BlackElo "1860"]

1. d4 d5 2. c4 e6 3. Nf3 Nf6 4. Nc3 c5 5. e3 Nc6 6. Bd3 Bd6 7. O-O O-O 8. Re1
Nb4 9. Be2 Re8 10. a3 Nc6 11. dxc5 Bxc5 12. b4 Bb6 13. c5 Bc7 14. Nb5 a5 15.
Nxc7 Qxc7 16. Bb2 1-0

[Event "Let's Play Chess!"]
[Site "http://www.queenalice.com/game.php?id=779586"]
[Date "2010.5.24"]
[Round "-"]
[White "xandinhov"]
[Black "lafasouza"]
[Result "1-0"]
[WhiteElo "1986"]
[BlackElo "1759"]

1. d4 d5 2. c4 Nf6 3. Nc3 c6 4. Nf3 dxc4 5. a4 e6 6. e3 Bb4 7. Bxc4 Bxc3+ 8.
bxc3 Nbd7 9. Ba3 Ne4 10. Qc2 Ndf6 11. Bd3 Nd6 12. e4 Nd7 13. Bxd6 Nb6 14. Bc5
Nd7 15. Bd6 Nf6 16. e5 Nd5 17. Bxh7 g6 18. Bxg6 Nf4 19. Bxf7+ Kxf7 20. g3 Nd5
21. Nh4 Rxh4 22. gxh4 Qxh4 23. Rg1 Nf4 24. Qe4 Bd7 25. Qf3 Rg8 26. Rxg8 Kxg8 27.
Qg3+ Qxg3 28. fxg3 Nd5 29. Kd2 Nb6 30. a5 Nc4+ 31. Ke2 Nxd6 32. exd6 Kf7 33.
Rf1+ Kg6 34. Ke3 Kg7 35. Ke4 b6 36. Ke5 b5 37. Rf6 a6 38. g4 Kg8 39. g5 Kg7 40.
g6 Kg8 41. Rf7 Be8 42. Kxe6 Bxf7+ 43. gxf7+ Kf8 44. d7 Kg7 45. d8=Q Kg6 46. f8=Q
Kh5 47. Qf5+ Kh6 48. Qh8# 1-0

[Event "Williams"]
[Site "http://www.queenalice.com/game.php?id=795189"]
[Date "2010.6.26"]
[Round "-"]
[White "xandinhov"]
[Black "digger"]
[Result "1-0"]
[WhiteElo "1993"]
[BlackElo "1626"]

1. d4 d5 2. c4 c6 3. Nc3 dxc4 4. a4 Qa5 5. Bd2 e6 6. e3 Bb4 7. Bxc4 Bd7 8. Qg4
g6 9. Nge2 Qf5 10. Qxf5 exf5 11. O-O Nf6 12. Rfc1 O-O 13. Nf4 Bxc3 14. Bxc3 a5
15. Nd3 b6 16. Ne5 c5 17. dxc5 bxc5 18. Nxg6 hxg6 19. Bxf6 Bc6 20. Be7 Re8 21.
Bxc5 Nd7 22. Bd4 Rab8 23. Bxf7+ Kxf7 24. Rxc6 Red8 25. g3 Nf8 26. Rc7+ Rd7 27.
Rac1 Rxc7 28. Rxc7+ Ke8 29. Ra7 g5 30. Rxa5 Nd7 31. Rxf5 g4 32. a5 Ke7 33. Rg5
Nf6 34. a6 Nd7 35. a7 Ra8 36. Rb5 Kd6 37. b4 Kc6 38. Rg5 Nf8 39. Rg8 Kd7 40. Bc5
Rxa7 41. Bxa7 Ne6 42. Rxg4 Kc6 43. Rg6 Kb5 44. Rxe6 Kxb4 45. h4 Kc4 46. h5 Kd5
47. Rb6 Ke4 48. h6 Kf3 49. h7 Ke2 50. h8=Q Kd3 51. Qd4+ Ke2 52. Kg2 Ke1 53. Rb1+
Ke2 54. Qd1# 1-0

[Event "Let's Play Chess!"]
[Site "http://www.queenalice.com/game.php?id=795313"]
[Date "2010.6.26"]
[Round "-"]
[White "xandinhov"]
[Black "Slazenger"]
[Result "1-0"]
[WhiteElo "1982"]
[BlackElo "1586"]

1. d4 Nf6 2. c4 e6 3. Nf3 d5 4. Nc3 Bb4 5. Qc2 b6 6. Qa4+ c6 7. Qxb4 a5 8. Qa4
Bd7 9. Qc2 dxc4 10. Bg5 b5 11. Ne5 h6 12. Bxf6 Qxf6 13. Ne4 Qe7 14. Nc5 f6 15.
Ng6 1-0

[Event "AUTO-OPEN-2022"]
[Site "http://www.queenalice.com/game.php?id=795831"]
[Date "2010.6.27"]
[Round "1"]
[White "xandinhov"]
[Black "marcosnatal"]
[Result "1-0"]
[WhiteElo "2023"]
[BlackElo "2204"]

1. d4 d5 2. c4 e6 3. Nc3 Nf6 4. Bg5 Bb4 5. e3 O-O 6. cxd5 Qxd5 7. Bxf6 gxf6 8.
Ne2 e5 9. a3 Bxc3+ 10. Nxc3 Qe6 11. d5 Qg4 12. Qxg4+ Bxg4 13. f3 Bf5 14. e4 Bg6
15. Nb5 Na6 16. Rc1 Rfc8 17. Be2 f5 18. Bd3 f4 19. O-O f6 20. Rc2 Be8 21. Rfc1
Rd8 22. Nxc7 Nxc7 23. Rxc7 Rab8 24. Re7 Rd7 25. Rxd7 Bxd7 26. Rc7 Ba4 27. Bc4
Kh8 28. d6 Rd8 29. Rxb7 Rxd6 30. Rxa7 Rd1+ 31. Kf2 Bc2 32. Ke2 Rh1 33. Kd2 Bb1
34. Ra8+ Kg7 35. Rg8+ Kh6 36. h3 f5 37. exf5 Bxf5 38. b4 Rg1 39. b5 Bg6 40. Kc3
Rxg2 41. b6 e4 42. b7 Rf2 43. b8=Q Rxf3+ 44. Kd4 e3 45. a4 Rf2 46. Qe5 Rd2+ 47.
Kc3 Rc2+ 48. Kb3 Rf2 49. h4 Bc2+ 50. Kc3 1-0

[Event "AUTO-OPEN-2022"]
[Site "http://www.queenalice.com/game.php?id=795832"]
[Date "2010.6.27"]
[Round "1"]
[White "marcosnatal"]
[Black "xandinhov"]
[Result "1/2-1/2"]
[WhiteElo "2207"]
[BlackElo "2002"]

1. d4 Nf6 2. c4 e6 3. Nc3 d5 4. Nf3 c6 5. Bg5 Nbd7 6. e3 Qa5 7. cxd5 exd5 8. Bd3
Bb4 9. Qc2 O-O 10. Bxf6 Nxf6 11. O-O Bg4 12. Ne5 Be6 13. f4 Bxc3 14. bxc3 h6 15.
f5 Bd7 16. c4 Rac8 17. Rab1 Qc7 18. Qb3 dxc4 19. Bxc4 Be8 20. Ng6 b6 21. Qa3 c5
22. Nxf8 Kxf8 23. Rf4 Qe7 24. Bb5 Bxb5 25. Rxb5 Qd7 26. Rb3 Kg8 27. dxc5 Rxc5
28. Rd3 Qc7 29. Qa4 Rc1+ 30. Rf1 Rxf1+ 31. Kxf1 Qxh2 32. Rd8+ Kh7 33. Qc4 Qh1+
34. Kf2 Qb1 35. Ke2 Qxf5 36. Qxf7 Qc2+ 37. Rd2 Qe4 38. Qxa7 Qxg2+ 1/2-1/2

[Event "AUTO-OPEN-2022"]
[Site "http://www.queenalice.com/game.php?id=795833"]
[Date "2010.6.27"]
[Round "1"]
[White "xandinhov"]
[Black "vieri"]
[Result "1-0"]
[WhiteElo "1997"]
[BlackElo "1428"]

1. d4 d5 2. c4 dxc4 3. Nf3 f6 4. Nc3 Nh6 5. Bxh6 gxh6 6. e3 Be6 7. Qa4+ c6 8.
Be2 Bg7 9. Qb4 Na6 10. Qxb7 Nc7 11. Qxc6+ Bd7 12. Qxc4 Be6 13. Qc5 O-O 14. O-O
f5 15. Ne5 a6 16. Nc6 Qd7 17. Nxe7+ Kh8 18. Nc6 Rf7 19. Bf3 Nb5 20. Ne5 Bxe5 21.
Qxe5+ Kg8 22. d5 Re7 23. dxe6 Qd2 24. Bxa8 Qxb2 25. Qb8+ Kg7 26. Nxb5 Qf6 27.
Nd4 h5 28. Rfc1 Kh6 29. Qf4+ Kg7 30. Nxf5+ Kf8 31. Nxe7 Kxe7 32. Rc7+ Kd8 33.
Rd1+ Ke8 34. Qxf6 a5 35. Qe7# 1-0

[Event "AUTO-OPEN-2022"]
[Site "http://www.queenalice.com/game.php?id=795834"]
[Date "2010.6.27"]
[Round "1"]
[White "vieri"]
[Black "xandinhov"]
[Result "0-1"]
[WhiteElo "1416"]
[BlackElo "2003"]

1. g3 d5 2. d4 Nf6 3. Bg2 c6 4. e3 g6 5. Qf3 Bg4 6. Qf4 Bf5 7. b3 Bxc2 8. Nc3
Bg7 9. Ba3 Qa5 10. Bb2 O-O 11. Ne2 Nh5 12. Qg5 Nf6 13. O-O h6 14. Qf4 Nbd7 15.
Rfc1 Bd3 16. Re1 Nh5 17. Qg4 Ndf6 18. Qf3 Be4 19. Nxe4 Nxe4 20. g4 Nhf6 21. Red1
h5 22. gxh5 Nxh5 23. Qg4 Nhf6 24. Qf4 Rfd8 25. f3 Nh5 26. Qh4 Nd6 27. Qxe7 Bf6
28. Qxd8+ Rxd8 29. a4 Re8 30. Ba3 Rxe3 31. Ng3 Nxg3 32. hxg3 Nf5 33. g4 Nxd4 34.
b4 Qc7 35. Kf2 Re2+ 36. Kg1 Qg3 37. Kf1 Qxg2# 0-1

[Event "Challenge"]
[Site "http://www.queenalice.com/game.php?id=795966"]
[Date "2010.6.28"]
[Round "-"]
[White "xandinhov"]
[Black "dlmathias"]
[Result "1-0"]
[WhiteElo "1995"]
[BlackElo "1430"]

1. d4 Nc6 2. d5 Ne5 3. Nc3 e6 4. dxe6 dxe6 5. Qxd8+ Kxd8 6. Bf4 Bb4 7. Bxe5 f6
8. Bg3 e5 9. Rd1+ Bd7 10. a3 Ba5 11. b4 Bb6 12. e4 1-0

[Event "1a. no QA"]
[Site "http://www.queenalice.com/game.php?id=801700"]
[Date "2010.7.11"]
[Round "-"]
[White "carobrod"]
[Black "xandinhov"]
[Result "1/2-1/2"]
[WhiteElo "1933"]
[BlackElo "2005"]

1. d4 Nf6 2. c4 e6 3. Nf3 d5 4. Nc3 c6 5. e3 Nbd7 6. Qc2 Be7 7. b3 O-O 8. Bd3 h6
9. O-O Re8 10. Bb2 a5 11. a4 Bb4 12. Rfd1 b6 13. Rac1 Ba6 14. cxd5 Bxd3 15. Qxd3
cxd5 16. Nb5 Rc8 17. Rxc8 Qxc8 18. Rc1 Qb8 19. Rc7 Rc8 20. Qc2 Rxc7 21. Qxc7
Qxc7 22. Nxc7 Ne4 23. Na6 Bd6 24. Kf1 Nb8 25. Nxb8 Bxb8 26. Ke2 Bd6 27. Ne5 Bxe5
28. dxe5 Nc5 29. Bd4 Kf8 30. Kd1 Ke7 31. Kc2 Kd7 32. h4 h5 33. f3 Kc7 34. g4 g6
35. Bxc5 bxc5 36. g5 Kc6 37. Kd3 Kb6 38. Kc3 Kc6 39. Kd3 Kb6 1/2-1/2

[Event "1a. Cores Invertidas"]
[Site "http://www.queenalice.com/game.php?id=803936"]
[Date "2010.7.15"]
[Round "-"]
[White "xandinhov"]
[Black "carobrod"]
[Result "1-0"]
[WhiteElo "2010"]
[BlackElo "1936"]

1. d4 Nf6 2. c4 e6 3. Nf3 b6 4. Nc3 Bb4 5. e3 Bb7 6. Be2 O-O 7. Bd2 d6 8. a3
Bxc3 9. Bxc3 Nbd7 10. O-O Ne4 11. Qc2 Qe7 12. Rac1 f5 13. Nd2 Nxc3 14. Qxc3 c5
15. Bf3 Nf6 16. Bxb7 Qxb7 17. Nf3 Ne4 18. Qc2 Rf6 19. Nd2 d5 20. cxd5 exd5 21.
Nxe4 fxe4 22. dxc5 Rc8 23. Qb3 Rd8 24. Rc2 h6 25. Rfc1 h5 26. cxb6 Qxb6 27. Qxb6
axb6 28. Rc8 Rd6 29. Rxd8+ Rxd8 30. Rc6 d4 31. exd4 Rxd4 32. Kf1 b5 33. Ke2 Rd3
34. Rc3 Rd5 35. Ke3 Rg5 36. g3 h4 37. Kxe4 hxg3 38. hxg3 Kf7 39. f4 Rg4 40. Kf5
Rg6 41. Rc7+ 1-0